| 000 | 01014nam a2200265Ia 4500 | ||
|---|---|---|---|
| 008 | 130821s2006 ck ad grn dspa d | ||
| 020 | _a9586838544 | ||
| 040 |
_aCo-BoUCM _bspa _cJavier Garzón (modificó) _dHenry Ríos (modificó) |
||
| 041 | 0 | 0 | _aspa |
| 100 | 1 |
_aPérez Jiménez, Miguel Ángel _944202 |
|
| 245 | 1 | 0 |
_aLógica clásica y argumentación cotidiana _cMiguel Ángel Pérez Jiménez |
| 260 |
_aBogotá _bEditorial Pontificia Universidad Javeriana _c2006 |
||
| 300 |
_a179 páginas _bilustracione y gráficas |
||
| 504 | _aIncluye referencias bibliográficas | ||
| 650 | 7 |
_aFilosofía del lenguaje _944238 |
|
| 650 | 7 |
_aInferencia (Lógica) _917563 |
|
| 650 | 7 |
_aLenguajes formales _918388 |
|
| 650 | 7 |
_aLógica _918789 |
|
| 650 | 7 |
_aLógica _xEnseñanza _918789 |
|
| 650 | 7 |
_aRazonamiento _923103 |
|
| 690 |
_942868 _aLógica |
||
| 710 | 1 |
_aPontificia Universidad Javeriana _bFacultadde Filosofía _944203 |
|
| 942 |
_cLIBRORESER _2DEWEY _a2 _e1 _h160 _mP944L |
||
| 999 |
_c65920 _d65920 |
||